000 00613nmm a2200193Ia 4500
008 251105s9999||||xx |||||||||||||||||und||
020 _a9788419207340
041 _aspa
100 _aRoques, Dominique
245 0 _aEl buscador de esencias :
_b Un viaje al origen de los perfumes del mundo
264 _a[Madrid, España] :
_bSiruela,
_c[Fecha de publicación no identificada]
300 _a0 páginas
490 _aEl ojo del tiempo
650 _aTravel & Sports
700 _aRoques, Dominique
700 1 _a Corral, Mercedes
856 _uhttps://public.digitaliapublishing.com/a/123578
942 _cCF
999 _c70751
_d70751